000 00663nam a2200205Ia 4500
005 20220318104051.0
008 210716s2010 xx 000 0 und d
020 _a9788184886535
040 _cAIMIT LIBRARY
041 _aeng
082 _a658.848
_211
_bCHEF
100 _aCherunilam, Francis.
_924138
245 _aInternational marketing :
_btext and cases /
_cBy Francis Cherunilam.
250 _a11th ed.
260 _aNew Delhi :
_bHimalaya Publishing House ,
_c2010.
300 _a431p. ;
_c24.5 cm.
650 _aInternational marketing environment
_924139
650 _aExport procedures and documents
_924140
942 _2ddc
_cBK
_e11th
_k658.848 CHEF
999 _c205121
_d205121